Maisie Peters - It's Your Bed Babe, It's Your Funeral - Statistics

General Stats
  • This quiz has been taken 5 times
  • The average score is 4 of 6
Answer Stats
2019 It's Your Bed Babe, It's Your Funeral % Correct
1 This Is On You
100%
2 Adore You
67%
4 April Showers
67%
5 Look At Me Now
67%
3 Take Care Of Yourself
67%
6 Personal Best
33%
No matching quizzes found
Score Distribution
Percent of People with Each Score
Percentile by Number Answered
Your Score History
You have not taken this quiz